000 00646nam a2200229 a 4500
999 _c3736
_d3736
001 3736
003 BD-JhCC
005 20171116205818.0
008 171116s2007 bg |||| ||a| 000 0 ben d
020 _a9844105439
035 _a(BD-JhCC)3736
040 _aBD-JhCC
_dBD-JhCC
041 _aben
082 _a891.4415
_bAZA 2007
100 _aআজাদ, রফিক
245 _aশ্রেষ্ঠ কবিতা /
_cরফিক আজাদ
260 _aঢাকা :
_bমাওলা ব্রাদার্স,
_c2007.
300 _a304 p. :
_billu;
_c22 cm.
650 _aSelected Poems
942 _2ddc
_cBK